000 00834nam a22002657a 4500
001 0157
003 DO-SdBNP
005 20151126141055.0
007 0157
008 151005b1962 xxk 00| 0 spa d
040 _aBPMSU
_bspa
_cBPMSU
092 _aXXXX
_bXXXX
100 _aAristotle
245 1 4 _aThe politics /
_cAristotle ; introducción T. A. Sinclair
260 _aGreat Britain :
_bPenguin books,
_c1962.
300 _a317 p. :
_c19 cm.
500 _aLa biblioteca posee la reimpresión del 1970.
500 _aTexto en ingles.
500 _aIncluye índice.
505 1 _tMicroordenadores --
_rHelena Sturridge /
_tRobots --
_rPeter Marsh /
_tSistemas de sonido --
_rDonald Aldous /
_tTelevisión y video --
_rHelena Mintern /
700 1 2 _aSinclair, T. A.
_lintr.
910 _a202
942 _2ddc
_cBK
956 _aYngrid Lockward
999 _c8934
_d8934